000 01489nam0a2200349 4500
001 RU\NLR\bibl\448826
005 20260406042858.0
010 _a5-329-00735-6
_97000
021 _aRU
_b2003-47968
_92305
035 _a(NLR Aleph) 000442478
090 _a822840
_c822840
100 _a20031017d2003 |||y0rusy50 ca
101 0 _arus
_ager
102 _aRU
105 _aa |||||||||
200 1 _aРазноцветные ступеньки
_eКн. для чтения к учеб. нем. яз. для 5-6 кл. шк. с углубл. изуч. нем. яз.
_f[Сост.: Г.В. Яцковская, Н.П. Каменецкая]
205 _a4-е изд., испр.
210 _aМ.
_cОникс 21 в.
_d2003
215 _a126, [1]с.
_cил.
_d22
300 _aЗагл. обл. на нем. яз.: Bunte Stufen: Lesebuch: Deutsch 5-6 / Galina Jatzkowskaja, Nadeshda Kamenetzkaja
512 1 _6z55790
_aBunte Stufen
_eLesebuch
_eDeutsch 5-6
606 0 _aНемецкий язык
_jУчебные издания
_91063964
_3RU\NLR\auth\66413315
686 _aШ143.24-93рус221[5/6]
702 1 _4220
_8rus
_7ca
_aЯцковская
_bГ.В.
_gГалина Васильевна
_3RU\NLR\AUTH\773022
_9113029
790 1 _6z55
_aJackovskaja
_bG. V.
_gGalina Vasil'evna
_4070
790 1 _6z55
_6z55512
_aKameneckaja
_bN. P.
_gNadežda Petrovna
_4070
801 0 _aRU
_bNLR
_c20031017
_gPSBO
801 1 _aRU
_bNLR
_c20031017
942 _cBOOK
980 _aNB